[Event "Tenerife-chT Preferente 1819"]
[Site "Tenerife"]
[Date "2019.01.19"]
[Round "5.2"]
[White "Perez Gutierrez, Nauzet"]
[Black "Hernandez Leon, Sergio"]
[Result "0-1"]
[WhiteElo "2085"]
[BlackElo "2165"]
[PlyCount "80"]
[EventDate "2018.11.24"]
[EventType "team-tourn"]
[EventRounds "14"]
[EventCountry "ESP"]
[SourceTitle "OM OTB B 201907"]
[Source "Opening Master"]
[SourceDate "2019.07.06"]
[SourceVersion "2"]
[SourceVersionDate "2019.07.06"]
[SourceQuality "1"]
[WhiteTeam "El Sauzal Libreria Barco"]
[BlackTeam "Ebano Barrio Nuevo"]
[WhiteTeamCountry "ESP"]
[BlackTeamCountry "ESP"]

1. e4 e5 2. Nf3 Nc6 3. c3 d5 4. Qa4 f6 5. Bb5 Nge7 6. d3 Be6 7. O-O a6 8. Bxc6+
Nxc6 9. Re1 Qd7 10. Nbd2 d4 11. cxd4 b5 12. Qd1 Nxd4 13. Nxd4 exd4 14. f4 Be7
15. Nf3 O-O 16. a3 c5 17. b3 a5 18. f5 Bf7 19. Bb2 a4 20. Nd2 axb3 21. Nxb3
Rfc8 22. Kh1 Bxb3 23. Qxb3+ c4 24. Qc2 Kh8 25. Reb1 Ra4 26. Bc1 Qc6 27. Kg1 Bd6
28. g3 Rca8 29. Qb2 R4a5 30. dxc4 bxc4 31. Qb6 Qxb6 32. Rxb6 Bc5 33. Rc6 d3+
34. Kg2 c3 35. Bf4 d2 36. Kf3 h6 37. g4 Bd4 38. Bd6 c2 39. Rxc2 Bxa1 40. Rxd2
Rd8 0-1

[Event "Montevideo Trebejos Verano op"]
[Site "Montevideo"]
[Date "2019.01.18"]
[Round "1"]
[White "Fernandez Cuneo, Carlos"]
[Black "Carbone, Diego"]
[Result "0-1"]
[WhiteElo "1603"]
[BlackElo "2256"]
[PlyCount "60"]
[EventDate "2019.01.18"]
[EventType "swiss"]
[EventRounds "7"]
[EventCountry "URU"]
[SourceTitle "OM OTB B 201907"]
[Source "Opening Master"]
[SourceDate "2019.07.06"]
[SourceVersion "2"]
[SourceVersionDate "2019.07.06"]
[SourceQuality "1"]

1. e4 e5 2. Nf3 Nc6 3. c3 d5 4. exd5 Qxd5 5. c4 Qd6 6. Nc3 Bf5 7. d3 O-O-O 8.
Nb5 Qd7 9. Be3 Bb4+ 10. Nc3 Bxc3+ 11. bxc3 Bxd3 12. Bxd3 Qxd3 13. Qxd3 Rxd3 14.
Rc1 f6 15. Ke2 Rd8 16. Rhd1 Nge7 17. h3 Na5 18. Bxa7 b6 19. c5 Kb7 20. cxb6
cxb6 21. Bxb6 Kxb6 22. Rb1+ Kc6 23. Nd2 Nd5 24. Rbc1 Nf4+ 25. Kf1 Rd3 26. Nb3
Nc4 27. g3 Rxd1+ 28. Rxd1 Nxh3 29. Kg2 Ng5 30. f4 Ne3+ 0-1

[Event "SWE-chT 1819 Elite"]
[Site "Sweden"]
[Date "2019.01.11"]
[Round "5.1"]
[White "Ottenklev, Niclas"]
[Black "Ornstein, Axel"]
[Result "1-0"]
[WhiteElo "2144"]
[BlackElo "2306"]
[PlyCount "31"]
[EventDate "2018.11.09"]
[EventType "team-tourn"]
[EventRounds "9"]
[EventCountry "SWE"]
[SourceTitle "OM OTB B 201907"]
[Source "Opening Master"]
[SourceDate "2019.07.06"]
[SourceVersion "2"]
[SourceVersionDate "2019.07.06"]
[SourceQuality "1"]
[WhiteTeam "Norrkoping Schack 08"]
[BlackTeam "Eksjo"]
[WhiteTeamCountry "SWE"]
[BlackTeamCountry "SWE"]

1. e4 e5 2. Nf3 Nc6 3. c3 Nge7 4. d4 exd4 5. Bc4 Na5 6. Bd3 dxc3 7. Nxc3 d6 8.
O-O Bg4 9. h3 Bxf3 10. Qxf3 Ng6 11. Qe2 Ne5 12. Bb5+ c6 13. f4 cxb5 14. fxe5
Nc4 15. e6 fxe6 16. Qh5+ 1-0

[Event "Africa-ch U20"]
[Site "Entebbe"]
[Date "2019.01.03"]
[Round "7"]
[White "Masiya, Mfundo"]
[Black "Mlahleki, Vusimuzi"]
[Result "1-0"]
[WhiteElo "1952"]
[BlackElo "2055"]
[PlyCount "137"]
[EventDate "2018.12.29"]
[EventType "swiss"]
[EventRounds "9"]
[EventCountry "UGA"]
[SourceTitle "OM OTB B 201907"]
[Source "Opening Master"]
[SourceDate "2019.07.06"]
[SourceVersion "2"]
[SourceVersionDate "2019.07.06"]
[SourceQuality "1"]

1. e4 e5 2. Nf3 Nc6 3. c3 d5 4. Qa4 Bd7 5. exd5 Nd4 6. Qd1 Nxf3+ 7. Qxf3 Nf6 8.
Bc4 Bd6 9. d3 Qe7 10. Bg5 h6 11. Bxf6 gxf6 12. Nd2 f5 13. Bb3 Rg8 14. O-O-O
O-O-O 15. Kb1 Kb8 16. Rhe1 f4 17. h3 Qg5 18. Rg1 f5 19. g3 fxg3 20. Rxg3 Qh4
21. Rxg8 Rxg8 22. Nc4 e4 23. dxe4 Qxe4+ 24. Qxe4 fxe4 25. Nxd6 cxd6 26. Bc2 e3
27. fxe3 Rg3 28. h4 Rh3 29. Rd4 Rh1+ 30. Bd1 Bf5+ 31. Kc1 h5 32. Kd2 Rh2+ 33.
Kc1 Rh1 34. Kd2 Rh2+ 35. Ke1 Rxb2 36. Rd2 Rxd2 37. Kxd2 Bg6 38. c4 Kc7 39. Kc3
Kd7 40. Kd4 b6 41. e4 Ke7 42. e5 Kd7 43. Bf3 Ke7 44. a3 Kd7 45. Be4 Be8 46.
Bf5+ Ke7 47. Ke4 Ba4 48. Kf4 Bd1 49. Bd3 Bg4 50. exd6+ Kxd6 51. Kg5 Ke7 52. Bg6
Be2 53. Bxh5 Bxc4 54. Bf3 Bd3 55. Bg4 Bh7 56. Bf5 Bg8 57. Be4 b5 58. Kg6 Bf7+
59. Kf5 a5 60. Ke5 b4 61. axb4 axb4 62. d6+ Kd7 63. Bf5+ Kd8 64. Kf6 Bh5 65.
Kg5 Bd1 66. h5 Bxh5 67. Kxh5 b3 68. Kg5 b2 69. Kf6 1-0

[Event "GRE-ch U18 Girls"]
[Site "Rethymno"]
[Date "2019.01.02"]
[Round "1"]
[White "Karavitaki, Evaggelia"]
[Black "Koutsouraki, Ariadni"]
[Result "1/2-1/2"]
[WhiteElo "1763"]
[BlackElo "1420"]
[PlyCount "117"]
[EventDate "2019.01.02"]
[EventType "swiss"]
[EventRounds "7"]
[EventCountry "GRE"]
[SourceTitle "OM OTB B 201907"]
[Source "Opening Master"]
[SourceDate "2019.07.06"]
[SourceVersion "2"]
[SourceVersionDate "2019.07.06"]
[SourceQuality "1"]

1. e4 e5 2. Nf3 Nc6 3. c3 Nf6 4. d4 Nxe4 5. d5 Bc5 6. dxc6 Bxf2+ 7. Ke2 Bb6 8.
Qd5 Nf2 9. Rg1 O-O 10. cxb7 Bxb7 11. Qxb7 Qf6 12. Qd5 c6 13. Qd2 e4 14. Nd4 e3
15. Qc2 Rae8 16. Nf3 d5 17. b4 Re6 18. Bb2 Qf4 19. Na3 Rfe8 20. Qb3 h6 21. Qc2
Ne4 22. Re1 Nd2 23. Kd1 Nxf1 24. Re2 Nxh2 25. Nxh2 Qxh2 26. Rge1 Qh5 27. Kc1
Bc7 28. Kb1 Bg3 29. Rf1 Bf2 30. Qd1 Qg5 31. Nc2 Qxg2 32. Bc1 Qg6 33. Kb2 f5 34.
Nd4 Rd6 35. Qc2 f4 36. Qxg6 Rxg6 37. Rfxf2 exf2 38. Rxf2 Rf6 39. Rxf4 Rxf4 40.
Bxf4 Rc8 41. Bd6 Kf7 42. Kc2 Kf6 43. Kd2 g5 44. Ke3 h5 45. Kf3 a6 46. a4 Rd8
47. Bc7 Rc8 48. Bd6 g4+ 49. Kg3 Re8 50. Bf4 Rc8 51. Bd6 Kg5 52. Bf4+ Kf6 53.
Bd6 Re8 54. Bf4 Rc8 55. Bd6 Re8 56. Bf4 Rc8 57. Bd6 Re8 58. Bf4 Rc8 59. Bd6
1/2-1/2

[Event "Gelsenkirchen Silvester op 6th"]
[Site "Gelsenkirchen"]
[Date "2018.12.29"]
[Round "6"]
[White "Vishanji, Adrian"]
[Black "Pohl, Andreas"]
[Result "1/2-1/2"]
[WhiteElo "1900"]
[BlackElo "1572"]
[PlyCount "100"]
[EventDate "2018.12.27"]
[EventType "swiss"]
[EventRounds "7"]
[EventCountry "GER"]
[SourceTitle "OM OTB B 201907"]
[Source "Opening Master"]
[SourceDate "2019.07.06"]
[SourceVersion "2"]
[SourceVersionDate "2019.07.06"]
[SourceQuality "1"]

1. e4 e5 2. Nf3 Nc6 3. c3 Nf6 4. d4 Nxe4 5. d5 Nb8 6. Qe2 Nf6 7. Nxe5 Be7 8.
Qd3 d6 9. Nf3 O-O 10. Be2 Nbd7 11. O-O Ne5 12. Nxe5 dxe5 13. c4 b6 14. Nc3 Bb7
15. f4 Nd7 16. Bg4 Bd6 17. Bxd7 Qxd7 18. fxe5 Bxe5 19. Bf4 Bxf4 20. Rxf4 Rae8
21. Qg3 f5 22. Raf1 c6 23. Qf3 Re5 24. g4 cxd5 25. cxd5 Bxd5 26. Nxd5 Qxd5 27.
Qxd5+ Rxd5 28. gxf5 Rd2 29. R4f2 Rxf2 30. Rxf2 Kf7 31. Kg2 Kf6 32. Kg3 Re8 33.
Rd2 Kxf5 34. Rd7 Re2 35. Rxg7 Rxb2 36. Rxa7 h5 37. h4 Rb4 38. Rf7+ Kg6 39. Rb7
Kf5 40. Rg7 Rb2 41. Rg5+ Kf6 42. Rxh5 Rxa2 43. Rh6+ Kf5 44. Rxb6 Ra3+ 45. Kf2
Rh3 46. Rb4 Kg6 47. Kg2 Rd3 48. Rf4 Kh5 49. Kh2 Rd2+ 50. Kg3 Rd3+ 1/2-1/2

[Event "Montigny le Bretonneux op 19th"]
[Site "Montigny le Bretonneux"]
[Date "2018.12.29"]
[Round "6"]
[White "Le Bris, Gilles"]
[Black "Vadillo, Torre Ismael"]
[Result "1-0"]
[WhiteElo "1787"]
[BlackElo "1616"]
[PlyCount "77"]
[EventDate "2018.12.26"]
[EventType "swiss"]
[EventRounds "7"]
[EventCountry "FRA"]
[SourceTitle "OM OTB B 201907"]
[Source "Opening Master"]
[SourceDate "2019.07.06"]
[SourceVersion "2"]
[SourceVersionDate "2019.07.06"]
[SourceQuality "1"]

1. e4 e5 2. Nf3 Nc6 3. c3 d5 4. Qa4 dxe4 5. Nxe5 Bd7 6. Nxd7 Qxd7 7. Qxe4+ Nge7
8. Bc4 Qf5 9. f3 Qxe4+ 10. fxe4 Ne5 11. Bb5+ c6 12. Be2 O-O-O 13. d4 N5g6 14.
O-O f6 15. Be3 Kb8 16. Nd2 Nc8 17. g3 Bd6 18. Bf3 Rhe8 19. Rfe1 Nce7 20. Rad1
Nc8 21. Kg2 Bc7 22. h4 Nge7 23. Nb3 b6 24. Nc1 Nd6 25. Nd3 Nb5 26. Bc1 g6 27.
Rd2 g5 28. hxg5 fxg5 29. Rde2 h6 30. Rh1 Rg8 31. Bg4 Rh8 32. Rf2 Nc8 33. Rf6
Rd6 34. e5 Rxf6 35. exf6 Nbd6 36. Ne5 Ne4 37. Bf3 Ncd6 38. f7 Kc8 39. Ng6 1-0

[Event "World Blitz 2018"]
[Site "St Petersburg RUS"]
[Date "2018.12.29"]
[Round "1.62"]
[White "Borisenko, V."]
[Black "Christiansen, Johan-Sebastian"]
[Result "0-1"]
[WhiteElo "2289"]
[BlackElo "2555"]
[PlyCount "62"]
[EventDate "2018.12.29"]
[EventType "swiss (blitz)"]
[EventRounds "21"]
[EventCountry "RUS"]
[SourceTitle "The Week in Chess 1260"]
[Source "Mark Crowther"]
[SourceDate "2018.12.31"]
[SourceVersion "1"]
[SourceVersionDate "2018.12.31"]
[SourceQuality "2"]

1. e4 e5 2. Nf3 Nc6 3. c3 d5 4. Bb5 f6 5. Qa4 Nge7 6. d3 a6 7. Bxc6+ Nxc6 8. h3
Be7 9. O-O O-O 10. Re1 Kh8 11. Nbd2 b5 12. Qc2 Bb7 13. Nf1 d4 14. cxd4 exd4 15.
Ng3 Nb4 16. Qe2 c5 17. Nh4 g6 18. Qd2 Rf7 19. Qe2 c4 20. dxc4 d3 21. Qd1 Nc2
22. Bd2 Nxa1 23. Qxa1 bxc4 24. b3 Rc8 25. bxc4 Rxc4 26. Nf3 Kg8 27. Qb2 Qc8 28.
h4 Rc2 29. Qb3 h5 30. Qxd3 Rxa2 31. Qe3 Bc5 0-1

[Event "BIH-ch 12th"]
[Site "Lukavac"]
[Date "2018.12.16"]
[Round "6"]
[White "Cabric, Izet"]
[Black "Hadzic, Latif"]
[Result "0-1"]
[WhiteElo "1843"]
[BlackElo "2077"]
[PlyCount "134"]
[EventDate "2018.12.13"]
[EventType "swiss"]
[EventRounds "7"]
[EventCountry "BIH"]
[SourceTitle "OM OTB B 201907"]
[Source "Opening Master"]
[SourceDate "2019.07.06"]
[SourceVersion "2"]
[SourceVersionDate "2019.07.06"]
[SourceQuality "1"]

1. e4 e5 2. Nf3 Nc6 3. c3 Nf6 4. d4 Nxe4 5. d5 Ne7 6. Nxe5 Ng6 7. Nxg6 hxg6 8.
Bd3 Nf6 9. O-O Nxd5 10. Bxg6 Nf6 11. Bf5 d5 12. Re1+ Be7 13. Bxc8 Qxc8 14. Bg5
Qd7 15. Nd2 O-O-O 16. Nf3 Bd6 17. h3 Qf5 18. Qd4 Kb8 19. Rad1 c6 20. Qd3 Qxd3
21. Rxd3 Kc7 22. b4 Rde8 23. Bxf6 gxf6 24. Rde3 Rxe3 25. Rxe3 a5 26. a3 axb4
27. axb4 b6 28. Rd3 Be5 29. h4 Kb7 30. g3 Ka6 31. Kg2 Kb5 32. Re3 Kc4 33. Nd2+
Kb5 34. f4 Bd6 35. Nb3 c5 36. bxc5 bxc5 37. Nd2 Bc7 38. Kf3 Ba5 39. Rd3 Kc6 40.
Kg4 c4 41. Re3 d4 42. Rf3 Bxc3 43. Nxc4 Kc5 44. Na3 Rd8 45. Rd3 Kb4 46. Nb1 Kc4
47. Rd1 Rg8+ 48. Kf3 f5 49. Nd2+ Bxd2 50. Rxd2 d3 51. Ra2 Re8 52. Ra7 Rd8 53.
Ra1 Kc3 54. h5 Kb2 55. Rh1 d2 56. g4 fxg4+ 57. Kxg4 d1=Q+ 58. Rxd1 Rxd1 59. Kg5
Kc3 60. Kf6 Rh1 61. Kxf7 Rxh5 62. Kg6 Rh1 63. f5 Kd4 64. f6 Rg1+ 65. Kf5 Kd5
66. f7 Rf1+ 67. Kg6 Ke6 0-1

[Event "SLO-chT 28th"]
[Site "Slovenia"]
[Date "2018.12.14"]
[Round "7.1"]
[White "Blazeka, Matej"]
[Black "Miletic, Dean"]
[Result "1-0"]
[WhiteElo "2382"]
[BlackElo "2305"]
[PlyCount "73"]
[EventDate "2018.11.02"]
[EventType "team-tourn"]
[EventRounds "9"]
[EventCountry "SLO"]
[SourceTitle "OM OTB B 201907"]
[Source "Opening Master"]
[SourceDate "2019.07.06"]
[SourceVersion "2"]
[SourceVersionDate "2019.07.06"]
[SourceQuality "1"]
[WhiteTeam "Tomo Zupan"]
[BlackTeam "Nova Gorica"]
[WhiteTeamCountry "SLO"]
[BlackTeamCountry "SLO"]

1. e4 e5 2. Nf3 Nc6 3. c3 Nf6 4. d3 d5 5. Nbd2 Be7 6. b4 a6 7. a3 O-O 8. Be2
Re8 9. O-O Bf8 10. Bb2 g6 11. Re1 Bg7 12. Qc2 h6 13. a4 b6 14. b5 Na5 15. exd5
Nxd5 16. c4 Nf4 17. Bf1 Bf5 18. Re3 Qd6 19. Rae1 axb5 20. axb5 Rad8 21. Nxe5 h5
22. Ne4 Qb4 23. Bc3 Qb3 24. Qxb3 Nxb3 25. Nc6 Bxc3 26. Nxc3 Rxe3 27. Rxe3 Ra8
28. Ne7+ Kf8 29. Nxf5 Ra1 30. Ng3 h4 31. Nge4 f5 32. g3 fxe4 33. gxf4 Nd2 34.
Kg2 Nxf1 35. Rxe4 Nd2 36. Re3 Ra3 37. Nd5 1-0

[Event "EU-ch blitz"]
[Site "Skopje"]
[Date "2018.12.07"]
[Round "16"]
[White "Pezelj, Novak"]
[Black "Smolka, Marcin"]
[Result "1-0"]
[WhiteElo "2475"]
[BlackElo "2178"]
[PlyCount "99"]
[EventDate "2018.12.06"]
[EventType "swiss (blitz)"]
[EventRounds "22"]
[EventCountry "MKD"]
[SourceTitle "OM OTB B 201907"]
[Source "Opening Master"]
[SourceDate "2019.07.06"]
[SourceVersion "2"]
[SourceVersionDate "2019.07.06"]
[SourceQuality "1"]

1. e4 e5 2. Nf3 Nc6 3. c3 d5 4. Qa4 Nf6 5. Nxe5 Bd6 6. Nxc6 bxc6 7. e5 Bxe5 8.
d4 Bd6 9. Qxc6+ Bd7 10. Qa6 O-O 11. Be2 Ne4 12. Nd2 f5 13. Nxe4 fxe4 14. Be3
Qb8 15. O-O-O Rf6 16. Qa5 c6 17. Kb1 Qb7 18. Ba6 Qb8 19. g3 Bg4 20. Rc1 Rf7 21.
c4 Bb4 22. Qa4 Be2 23. Qxc6 Bf8 24. Qxd5 Qe8 25. Bb5 Qe7 26. Bg5 Qb4 27. Qxa8
Rxf2 28. Rc2 Bd3 29. Bd2 Rxd2 30. Rhc1 Bxc2+ 31. Rxc2 Rxc2 32. Kxc2 e3 33. Qd5+
Kh8 34. Qf3 Qd2+ 35. Kb3 Qd3+ 36. Ka4 Qc2+ 37. Ka5 Qd2+ 38. Ka6 Kg8 39. Bc6 h6
40. Bd5+ Kh7 41. Qf5+ Kh8 42. Qxf8+ Kh7 43. Qf5+ Kh8 44. Qc8+ Kh7 45. Be4+ g6
46. Qd7+ Kh8 47. Qe8+ Kg7 48. Qe7+ Kh8 49. Qf6+ Kh7 50. Qxg6+ 1-0

[Event "Mecklenburg VP Seniors op 18th"]
[Site "Binz"]
[Date "2018.12.05"]
[Round "8"]
[White "Lehr, Thomas"]
[Black "Krueger, Peter"]
[Result "1/2-1/2"]
[WhiteElo "1938"]
[BlackElo "1815"]
[PlyCount "28"]
[EventDate "2018.11.28"]
[EventType "swiss"]
[EventRounds "9"]
[EventCountry "GER"]
[SourceTitle "OM OTB B 201907"]
[Source "Opening Master"]
[SourceDate "2019.07.06"]
[SourceVersion "2"]
[SourceVersionDate "2019.07.06"]
[SourceQuality "1"]

1. e4 e5 2. Nf3 Nc6 3. c3 Nf6 4. d4 exd4 5. e5 Nd5 6. cxd4 Be7 7. Nc3 Nxc3 8.
bxc3 b6 9. Bd3 d5 10. h3 O-O 11. O-O f6 12. Qc2 f5 13. a4 a6 14. Ba3 Be6
1/2-1/2

[Event "ch-IND U19 Girls 2018"]
[Site "New Delhi IND"]
[Date "2018.12.04"]
[Round "9.5"]
[White "Chandreyee, Hajra"]
[Black "Rindhiya, V."]
[Result "1/2-1/2"]
[WhiteElo "1963"]
[BlackElo "1773"]
[PlyCount "126"]
[EventDate "2018.11.28"]
[EventType "swiss"]
[EventRounds "11"]
[EventCountry "IND"]
[SourceTitle "The Week in Chess 1257"]
[Source "Mark Crowther"]
[SourceDate "2018.12.10"]
[SourceVersion "1"]
[SourceVersionDate "2018.12.10"]
[SourceQuality "2"]

1. e4 e5 2. Nf3 Nc6 3. c3 Nf6 4. d4 exd4 5. e5 Nd5 6. cxd4 d6 7. Bc4 dxe5 8.
dxe5 Be6 9. O-O Qd7 10. Bxd5 Qxd5 11. Nc3 Qxd1 12. Rxd1 Bc5 13. Nb5 Rc8 14. Bf4
O-O 15. Ng5 Bc4 16. Nc3 Bd4 17. Nf3 Bxc3 18. bxc3 Be2 19. Rd7 Bxf3 20. gxf3
Rfe8 21. Rad1 Red8 22. Bg3 Kf8 23. e6 fxe6 24. Bxc7 Rxc7 25. Rxd8+ Nxd8 26.
Rxd8+ Ke7 27. Rd3 Rc6 28. Kf1 Rd6 29. Ke2 Rxd3 30. Kxd3 Kd6 31. Kd4 g5 32. Ke4
h5 33. h3 Ke7 34. Ke5 b5 35. f4 gxf4 36. f3 Kf7 37. h4 Ke7 38. a3 a5 39. Kxf4
Kf6 40. Ke4 e5 41. f4 exf4 42. Kxf4 a4 43. Ke4 Ke6 44. Kd4 Kd6 45. c4 bxc4 46.
Kxc4 Ke5 47. Kb4 Kd4 48. Kxa4 Kc4 49. Ka5 Kc5 50. a4 Kc6 51. Ka6 Kc5 52. a5 Kc6
53. Ka7 Kc7 54. a6 Kc8 55. Kb6 Kb8 56. Kc6 Ka7 57. Kd6 Kxa6 58. Ke6 Kb7 59. Kf6
Kc7 60. Kg5 Kd7 61. Kxh5 Ke8 62. Kg6 Kf8 63. h5 Kg8 1/2-1/2

[Event "Mecklenburg VP Seniors op 18th"]
[Site "Binz"]
[Date "2018.12.04"]
[Round "7"]
[White "Molsner, Heinz"]
[Black "Neldner, Frank"]
[Result "1-0"]
[WhiteElo "1705"]
[BlackElo "1539"]
[PlyCount "57"]
[EventDate "2018.11.28"]
[EventType "swiss"]
[EventRounds "9"]
[EventCountry "GER"]
[SourceTitle "OM OTB B 201907"]
[Source "Opening Master"]
[SourceDate "2019.07.06"]
[SourceVersion "2"]
[SourceVersionDate "2019.07.06"]
[SourceQuality "1"]

1. e4 e5 2. Nf3 Nc6 3. c3 Nf6 4. d3 Be7 5. Be2 O-O 6. O-O d5 7. Re1 dxe4 8.
dxe4 Nxe4 9. Bd3 Nc5 10. Bb5 Qxd1 11. Rxd1 Bg4 12. Bxc6 bxc6 13. Nbd2 Rad8 14.
Re1 f6 15. h3 Be6 16. b3 Nb7 17. Ne4 Rd3 18. Be3 a6 19. c4 Nd6 20. Nc5 Rxe3 21.
fxe3 Bc8 22. Na4 Ne4 23. Rac1 Bb4 24. Re2 g5 25. c5 g4 26. hxg4 Bxg4 27. Kh2
Rd8 28. Rc4 a5 29. Rxe4 1-0

[Event "Mecklenburg VP Seniors op 18th"]
[Site "Binz"]
[Date "2018.12.03"]
[Round "6"]
[White "Lehr, Thomas"]
[Black "Jepp, Wolfgang"]
[Result "1/2-1/2"]
[WhiteElo "1938"]
[BlackElo "1771"]
[PlyCount "31"]
[EventDate "2018.11.28"]
[EventType "swiss"]
[EventRounds "9"]
[EventCountry "GER"]
[SourceTitle "OM OTB B 201907"]
[Source "Opening Master"]
[SourceDate "2019.07.06"]
[SourceVersion "2"]
[SourceVersionDate "2019.07.06"]
[SourceQuality "1"]

1. e4 e5 2. Nf3 Nc6 3. c3 Nf6 4. d4 d6 5. dxe5 dxe5 6. Qxd8+ Nxd8 7. Nxe5 Nxe4
8. Nd2 Nd6 9. Bd3 f6 10. Nef3 Bd7 11. O-O Ne6 12. Nb3 O-O-O 13. Be3 Kb8 14.
Rfd1 Be7 15. a4 Bc6 16. Nbd4 1/2-1/2

[Event "Mineiro-ch"]
[Site "Barbacena"]
[Date "2018.12.01"]
[Round "3"]
[White "Castro, Daniel de Freitas"]
[Black "De Castro, Pablo Luis Fonseca"]
[Result "0-1"]
[WhiteElo "2061"]
[BlackElo "1829"]
[PlyCount "98"]
[EventDate "2018.11.30"]
[EventType "swiss"]
[EventRounds "5"]
[EventCountry "BRA"]
[SourceTitle "OM OTB B 201907"]
[Source "Opening Master"]
[SourceDate "2019.07.06"]
[SourceVersion "2"]
[SourceVersionDate "2019.07.06"]
[SourceQuality "1"]

1. e4 Nc6 2. Nf3 e5 3. c3 Nf6 4. d3 Be7 5. Be2 O-O 6. b4 a6 7. O-O d5 8. Qc2 h6
9. Re1 Re8 10. Nbd2 Bg4 11. a3 Qd7 12. Nf1 Rad8 13. Ng3 Bf8 14. h3 dxe4 15.
dxe4 Bxf3 16. Bxf3 Qd3 17. Qb3 Nd4 18. Qb2 Nxf3+ 19. gxf3 Qxf3 20. Bd2 Rd3 21.
c4 Red8 22. Be3 Nxe4 23. Qxe5 Nxg3 24. Qxg3 Qxg3+ 25. fxg3 Bd6 26. Kf2 Be5 27.
Ra2 Bc3 28. Ree2 R8d6 29. Bf4 Rf6 30. Kg2 c6 31. c5 g5 32. Bc7 Re6 33. Rxe6
fxe6 34. Re2 Kf7 35. g4 Rd2 36. Kf3 Rxe2 37. Kxe2 e5 38. Kd3 Bb2 39. a4 Ke6 40.
Kc4 e4 41. Bd6 b5+ 42. axb5 axb5+ 43. Kb3 Bg7 44. Bg3 Kd5 45. h4 e3 46. hxg5
hxg5 47. Kc2 Ke4 48. Be1 Be5 49. Kd1 Kf3 0-1

[Event "Porto Alegre Metropole-ch"]
[Site "Porto Alegre"]
[Date "2018.11.30"]
[Round "1"]
[White "De Picoli, Vilmade"]
[Black "Dos Santos, Guilherme Fortes"]
[Result "0-1"]
[WhiteElo "1672"]
[BlackElo "1706"]
[PlyCount "72"]
[EventDate "2018.11.30"]
[EventType "swiss"]
[EventRounds "5"]
[EventCountry "BRA"]
[SourceTitle "OM OTB B 201907"]
[Source "Opening Master"]
[SourceDate "2019.07.06"]
[SourceVersion "2"]
[SourceVersionDate "2019.07.06"]
[SourceQuality "1"]

1. e4 e5 2. Nf3 Nc6 3. c3 d6 4. Bb5 Bd7 5. O-O Nf6 6. Re1 Be7 7. d3 O-O 8. h3
h6 9. a3 Re8 10. Nbd2 Bf8 11. Nh2 a6 12. Bc4 Ne7 13. Ndf3 Ng6 14. b4 c6 15. Bb3
d5 16. Bd2 Bd6 17. Qe2 Qc7 18. c4 b6 19. Bc2 Nh5 20. a4 Nhf4 21. Qf1 Rad8 22.
g3 Bxh3 23. gxf4 Bxf1 24. f5 Bxd3 25. Bxd3 dxe4 26. Rxe4 Nf4 27. Kh1 Nxd3 28.
Be3 Bxb4 29. Rg1 Bc5 30. Bxh6 Nxf2+ 31. Kg2 Nxe4 32. Ng4 Bxg1 33. Nxg1 gxh6 34.
Nxh6+ Kh7 35. Ng4 Rg8 36. Kf3 Rxg4 0-1

[Event "Mecklenburg VP Seniors op 18th"]
[Site "Binz"]
[Date "2018.11.28"]
[Round "1"]
[White "Koehler, Marianne"]
[Black "Kahn, Peter"]
[Result "0-1"]
[WhiteElo "1654"]
[BlackElo "1975"]
[PlyCount "48"]
[EventDate "2018.11.28"]
[EventType "swiss"]
[EventRounds "9"]
[EventCountry "GER"]
[SourceTitle "OM OTB B 201907"]
[Source "Opening Master"]
[SourceDate "2019.07.06"]
[SourceVersion "2"]
[SourceVersionDate "2019.07.06"]
[SourceQuality "1"]

1. e4 e5 2. Nf3 Nc6 3. c3 d5 4. exd5 Qxd5 5. b3 e4 6. Ng1 Nf6 7. Bb2 Be6 8. c4
Qf5 9. f3 Bc5 10. Bxf6 Qxf6 11. Nc3 e3 12. Rc1 exd2+ 13. Qxd2 Rd8 14. Qb2 O-O
15. a3 Rfe8 16. Be2 Qd4 17. Nd1 Qxb2 18. Nxb2 Bxa3 19. Rc2 Bf5 20. Nd3 Bxd3 21.
Ra2 Bb4+ 22. Kf2 Bc5+ 23. Kf1 Bxe2+ 24. Rxe2 Rd1+ 0-1

[Event "COL-ch U18 Girls rap"]
[Site "Barranquilla"]
[Date "2018.11.27"]
[Round "6"]
[White "Manjarres Baena, Andrea Carolina"]
[Black "Bautista Romero, Laura Camila"]
[Result "1/2-1/2"]
[WhiteElo "1475"]
[BlackElo "1398"]
[PlyCount "41"]
[EventDate "2018.11.27"]
[EventType "swiss (rapid)"]
[EventRounds "6"]
[EventCountry "COL"]
[SourceTitle "OM OTB B 201907"]
[Source "Opening Master"]
[SourceDate "2019.07.06"]
[SourceVersion "2"]
[SourceVersionDate "2019.07.06"]
[SourceQuality "1"]

1. e4 e5 2. Nf3 Nc6 3. c3 Nf6 4. d4 exd4 5. e5 Nd5 6. cxd4 Bb4+ 7. Bd2 Bxd2+ 8.
Qxd2 d6 9. Bb5 Bd7 10. Bxc6 Bxc6 11. O-O O-O 12. Nc3 Re8 13. Rfe1 Nxc3 14. Qxc3
Bd5 15. Qd2 h6 16. h4 f6 17. exf6 Qxf6 18. Qc3 Bc6 19. Re3 d5 20. Rxe8+ Rxe8
21. Re1 1/2-1/2

[Event "SVK-chT3B2 1819"]
[Site "Slovakia"]
[Date "2018.11.25"]
[Round "3.7"]
[White "Lukac, Jozef1"]
[Black "Baran, Kamil"]
[Result "0-1"]
[WhiteElo "1528"]
[BlackElo "1415"]
[PlyCount "72"]
[EventDate "2018.10.21"]
[EventType "team-tourn"]
[EventRounds "11"]
[EventCountry "SVK"]
[SourceTitle "OM OTB B 201907"]
[Source "Opening Master"]
[SourceDate "2019.07.06"]
[SourceVersion "2"]
[SourceVersionDate "2019.07.06"]
[SourceQuality "1"]
[WhiteTeam "Lehota pod Vtacnikom"]
[BlackTeam "Povazske Podhradie "]
[WhiteTeamCountry "SVK"]
[BlackTeamCountry "SVK"]

1. e4 e5 2. Nf3 Nc6 3. c3 Nf6 4. d4 exd4 5. e5 Nd5 6. cxd4 d6 7. Bb5 Bd7 8. Qb3
Nb6 9. d5 Nxe5 10. Nxe5 dxe5 11. O-O Bxb5 12. Qxb5+ Qd7 13. Qxd7+ Nxd7 14. Nc3
O-O-O 15. Be3 Nf6 16. Bg5 Bb4 17. Rfd1 Rd7 18. Bxf6 gxf6 19. a3 Ba5 20. b4 Bb6
21. Rd3 f5 22. Rad1 Rhd8 23. a4 Bd4 24. Ne2 Rxd5 25. Nxd4 Rxd4 26. Rxd4 Rxd4
27. Rxd4 exd4 28. Kf1 Kd7 29. Ke2 Kd6 30. Kd3 Kd5 31. h3 a5 32. b5 c6 33. bxc6
bxc6 34. f4 c5 35. g4 fxg4 36. hxg4 c4+ 0-1